| 000 | 00713nam a22002057a 4500 | ||
|---|---|---|---|
| 003 | OSt | ||
| 005 | 20250729063831.0 | ||
| 008 | 250729b |||||||| |||| 00| 0 eng d | ||
| 020 | _a9789719919414 | ||
| 040 |
_aDWCL-Main lib _cOC |
||
| 082 | _aFil. 657.959 C117p 2013 | ||
| 100 | _aCabrera, Ma. Elenita B. | ||
| 245 |
_aPublic accountancy profession : _bassurance principles, professional ethics, good governance/ _cMa. Elenita B. Cabrera |
||
| 250 | _a2013-2014 edition. | ||
| 260 |
_aManila : _bGIC Enterprises, _cc2013. |
||
| 300 |
_axvii, _b1191 pages ; _c23 cm. |
||
| 650 | _a1. Accounting--Principles. | ||
| 650 | _a2. Accountants--Philippines. | ||
| 942 |
_2ddc _cBK - FIL _e2013-2014 edition. _kFil. _n0 |
||
| 999 |
_c3869 _d3869 |
||